[Event "9th chPOL Computer Chess blitz"]
[Site "Warszawa"]
[Date "2010.11.27"]
[Round "7.1"]
[White "nanoSzachy"]
[Black "Atak"]
[Result "0-1"]
[WhiteElo "2523"]
[BlackElo "2372"]
[PlyCount "146"]
[EventDate "2010.11.27"]
[EventType "tourn (blitz)"]
[EventCountry "POL"]

1. Nf3 c6 2. e4 d5 3. Nc3 Bg4 4. h3 Bxf3 5. Qxf3 Nf6 6. d4 dxe4 7. Nxe4 Qxd4 8.
Nc3 Nd5 9. Bd2 Nd7 10. O-O-O e6 11. Be3 Qf6 12. Nxd5 cxd5 13. Qg3 Rc8 14. Bb5
a6 15. Bxd7+ Kxd7 16. Qg4 Kc7 17. Rd3 Bd6 18. Re1 Kb8 19. Bd4 e5 20. Rf3 Qh6+
21. Be3 Qg6 22. Qxg6 fxg6 23. Bb6 Rc6 24. Rb3 Rf8 25. Re2 Rc4 26. a3 Kc8 27.
Rd2 d4 28. f3 Kd7 29. Re2 Ke6 30. Rd3 Kd5 31. Ba5 Rc6 32. Bd2 Rfc8 33. c3 Bc5
34. g3 b5 35. Kb1 Re6 36. Be3 Bb6 37. cxd4 e4 38. fxe4+ Rxe4 39. Red2 Bd8 40.
Ka2 Bf6 41. Bf4 Rc4 42. Be5 Rc6 43. h4 h6 44. Bb8 g5 45. h5 Rce6 46. Kb3 g4 47.
Ba7 Re2 48. Bc5 Rxd2 49. Rxd2 Re3+ 50. Kb4 Rxg3 51. Ka5 Rh3 52. Rg2 g3 53. b4
Bxd4 54. Rd2 Rh4 55. Kxa6 Kc4 56. Bxd4 Rxd4 57. Rg2 Rd3 58. a4 g5 59. hxg6 Rd6+
60. Ka5 Rxg6 61. axb5 Rg8 62. Ka6 Kd5 63. b6 Ke4 64. Rg1 g2 65. b7 Kf3 66. Rc1
h5 67. b5 h4 68. Rc8 Rg6+ 69. Rc6 Rg8 70. Rc8 g1=Q 71. b8=Q Qa1+ 72. Kb7 Rg7+
73. Rc7 Qf6 0-1

[Event "9th chPOL Computer Chess blitz"]
[Site "Warszawa"]
[Date "2010.11.27"]
[Round "7.2"]
[White "Butcher ver 1.60n1"]
[Black "Armageddon Chess"]
[Result "0-1"]
[WhiteElo "2372"]
[BlackElo "2372"]
[PlyCount "190"]
[EventDate "2010.11.27"]
[EventType "tourn (blitz)"]
[EventCountry "POL"]

1. e4 e5 2. Nf3 Nc6 3. Bb5 a6 4. Ba4 Nf6 5. O-O Be7 6. Qe2 b5 7. Bb3 O-O 8. c3
d5 9. d3 Bb7 10. Nbd2 Bc5 11. Nb1 dxe4 12. dxe4 Qe7 13. a4 Na5 14. Bc2 bxa4 15.
Bxa4 Bb6 16. b4 Nc6 17. Ba3 Qe6 18. Nbd2 Rfd8 19. Ng5 Qe8 20. Bb3 Rd7 21. Ba4
h6 22. Ngf3 Qe6 23. Nc4 Rdd8 24. Bb3 Qg4 25. Rae1 Re8 26. Ba4 Nh5 27. Bc1 Nf6
28. Kh1 Rf8 29. Ba3 Rfd8 30. Bb3 Re8 31. Ba4 Nh5 32. Nd4 Qxe2 33. Nxe2 Nf6 34.
f3 Ra7 35. Rd1 Raa8 36. Nc1 a5 37. b5 Nb8 38. Rd3 Nbd7 39. Nb3 Re6 40. Rfd1 Bc8
41. R3d2 Re8 42. Ra1 Bb7 43. Rad1 Bc8 44. h3 Re6 45. Ra1 Bb7 46. Rad1 Bc8 47.
Kh2 Re8 48. Ra1 Bb7 49. Kh1 Re6 50. h4 Bc8 51. g4 Re8 52. Rad1 Nf8 53. g5 hxg5
54. hxg5 N6h7 55. Bc5 Nxg5 56. Bxb6 cxb6 57. Nxb6 Rb8 58. Nc4 Nxf3 59. Rb2 Ng5
60. b6 Re6 61. Nc5 Rh6+ 62. Kg2 Bg4 63. Rd3 Ng6 64. Kf2 Nf4 65. Re3 Rh1 66. Kg3
Bf3 67. Rxf3 Rh3+ 68. Kg4 Nxf3 69. Nd7 Rd8 70. Ncxe5 Nxe5+ 71. Nxe5 Nd3 72.
Kxh3 Nxb2 73. Bb3 Rb8 74. Bxf7+ Kh7 75. Nd7 Rb7 76. Be8 Na4 77. e5 Nxc3 78. e6
Nd5 79. Kg3 Kh6 80. Bf7 a4 81. Nc5 Rxb6 82. Nxa4 Rc6 83. Nb2 Kg5 84. Nd1 Kf6
85. Nf2 Nc7 86. Ng4+ Kf5 87. Ne3+ Ke4 88. Nd1 Nxe6 89. Bg6+ Kd4 90. Nf2 Ng5 91.
Bb1 Rf6 92. Bc2 Rf3+ 93. Kg2 Ke3 94. Nd1+ Kd2 95. Ba4 Ra3 0-1

[Event "9th chPOL Computer Chess blitz"]
[Site "Warszawa"]
[Date "2010.11.27"]
[Round "7.3"]
[White "Glass 1.6 tourn"]
[Black "Darmenios"]
[Result "1-0"]
[WhiteElo "2372"]
[BlackElo "2372"]
[PlyCount "63"]
[EventDate "2010.11.27"]
[EventType "tourn (blitz)"]
[EventCountry "POL"]

1. c4 e6 2. Nc3 b6 3. Nf3 Nf6 4. d4 Bb4 5. Bd2 c5 6. a3 Bxc3 7. Bxc3 Ne4 8.
dxc5 Nxc3 9. Qc2 Qf6 10. cxb6 Na4 11. Qxa4 Qxb2 12. Rd1 O-O 13. e3 Qc3+ 14. Nd2
Na6 15. bxa7 Nc5 16. Qb4 Qe5 17. Nf3 Qc7 18. Nd4 Qe5 19. Nb5 Bb7 20. Be2 Qg5
21. Rf1 Qe5 22. e4 Bxe4 23. f4 Qf5 24. g4 Qf6 25. Qxc5 Bc6 26. Rf2 Rfc8 27. Qb6
h5 28. Nc7 Qc3+ 29. Kf1 hxg4 30. Nxa8 Qh3+ 31. Ke1 Qc3+ 32. Rd2 1-0